000 00887nmm a2200277 a 4500
001 ocm000601592
003 TR-IsHL
005 20201028131213.0
008 131010s2011 tu tur
007 cr cn
020 _a9786054392339
035 _a601592
_b(N$T)
050 0 4 _aPL248.K65
_bT37 2011
090 0 4 _aPL248.K65
_bT37 2011
100 1 _aKonukçu, Mehmet Alim
245 1 0 _aTasavvufi bakışla rubailer: aşk, hayat, ölüm
_h[electronic resource] /
_cMehmet Alim Konukçu
250 _a1.bs.
260 _aKonya :
_bEğitim Akademi Yayınevi,
_c2011
300 _a64 p.
650 4 _aDil ve Edebiyat
650 4 _aLanguage and Literature
650 0 _aMevlana, 1207-1273
650 0 _aSufizm
650 7 _aLITERARY COLLECTIONS / Middle Eastern
_2bisacsh
856 4 0 _uhttp://search.ebscohost.com/login.aspx?direct=true&scope=site&db=e011xww&AN=601592
999 _c4434
_d4434